000 00650nam a2200193Ia 4500
003 GCL
008 140319s9999 xx 000 0 ara d
040 _aGCL /
_cGCL
082 0 4 _aق
_b962.064
_bل ج
100 1 _aلجنة من اساتذة الجامعات
245 1 0 _aجمال الناصر رائد القومية العربية /
_cلجنة من اساتذة الجامعات
700 1 _aليتل، توم
300 _a424 ص
490 _a100 قصة
_v0
650 0 4 _aالقومية العربية
650 0 4 _aجمال عبدالناصر
650 0 4 _aمصر - تاريخ - العصر الحديث (1805 - 1956 )
942 _2ddc
_cBK
999 _c45705
_d45705